| 000 | 00662nam a2200121Ia 4500 | ||
|---|---|---|---|
| 008 | 220615s9999||||xx |||||||||||||| ||und|| | ||
| 245 | 0 |
_aRefugee Routes _bTelling, Looking, Protesting, Redressing |
|
| 546 | _aEnglish[eng] | ||
| 650 | _aRefugees;Exile; Displacement; Protest Movements; Genocide; Humanitarianism; Scholar Rescue Initiatives; Fleeing; Migration; Refugee Studies; Migration Policy; Political Science; Sociology | ||
| 700 | _aAgnew, Vanessa||Konuk, Kader||Newman, Jane O. | ||
| 856 | _uhttps://library.oapen.org/bitstream/20.500.12657/42812/1/9783839450130.pdf||https://library.oapen.org/bitstream/20.500.12657/42812/1/9783839450130.pdf | ||
| 942 | _cEB | ||
| 999 |
_c17989 _d17989 |
||